Statistics for Campeões Brasileiros de Futebol Americano

Click here to take the quiz!

General Stats

  • This quiz has been taken 5 times
    (3 since last reset)
  • The average score is 4 of 16

Answer Stats

Ano Torneio Estado Campeão % Correct
2014Superliga NacionalPRCoritiba Crocodiles
67%
2013Campeonato BrasileiroPRCoritiba Crocodiles
67%
2017BFAMGSada Cruzeiro
67%
2011TouchdownSPCorinthians Steamrollers
33%
2012TouchdownSPCorinthians Steamrollers
33%
2018BFAMGGalo Futebol Americano
33%
2014TouchdownRJVasco da Gama Patriotas
33%
2010TouchdownESVila Velha Tritões
33%
2011Liga BrasileiraRJFluminense Imperadores
33%
2009TouchdownRJRio de Janeiro Imperadores
0%
2010Liga BrasileiraMTCuiabá Arsenal
0%
2013TouchdownSCJaraguá Breakers
0%
2015Superliga NacionalPBJoão Pessoa Espectros
0%
2015TouchdownSCTimbó Rex
0%
2016Superliga NacionalSCTimbó Rex
0%
2012Campeonato BrasileiroMTCuiabá Arsenal
0%

Score Distribution

Percentile by Number Answered

Percent of People with Each Score

Your Score History

You have not taken this quiz since the last reset